000 00574nam a2200217 a 4500
001 14659
003 CO-ViMGA
008 141112s2004 ck r 000 u spa d
020 _a9586007243
040 _aCO-ViMGA
_bspa
_cCO-ViMGA
082 0 4 _aMEVIECAR.6404 T495p 7
100 1 _aTiznado Santana, Marco Antonio
_921373
245 1 0 _aPassword 7
260 _aSt Fe de Bogotá McGraw Hill.1999
300 _a168.p.il.
500 _aCONTIENE DISKET.
505 _aOffice. - Word. - Password7
650 1 4 _aCOMPUTACION
_99633
650 1 4 _aINFORMATICA
942 _2ddc
_cBK
999 _c25201
_d25201